AviUtl フィルタ効果 - Statistics

General Stats
  • This quiz has been taken 18 times
  • The average score is 16 of 55
Answer Stats
サブメニュー フィルタ効果名 % Correct
ぼかし
72%
基本効果▶ 回転
72%
アニメーション効果
61%
色調補正
56%
境界ぼかし
56%
モザイク
50%
モーションブラー
50%
基本効果▶ 拡大率
50%
クリッピング
44%
クロマキー
44%
フェード
44%
方向ブラー
39%
基本効果▶ 反転
39%
拡散光
33%
カラーキー
33%
縁取り
33%
マスク
33%
放射ブラー
33%
基本効果▶ 座標
33%
基本効果▶ 透明度
33%
基本効果▶ リサイズ
33%
色ずれ
33%
単色化
33%
発光
28%
グロー
28%
ルミナンスキー
28%
シャドー
28%
ワイプ
28%
斜めクリッピング
28%
レンズブラー
28%
ラスター
28%
極座標変換
28%
ノイズ
28%
スクリプト制御
28%
振動
22%
画像ループ
22%
ディスプレイスメントマップ
22%
グラデーション
22%
特定色域変換
22%
インターレース解除
22%
閃光
17%
ライト
17%
凸エッジ
17%
シャープ
17%
基本効果▶ 領域拡張
17%
エッジ抽出
11%
基本効果▶ ローテーション
11%
ミラー
11%
波紋
11%
動画ファイル合成
11%
画像ファイル合成
11%
カメラ制御オプション
11%
オフスクリーン描画
11%
オブジェクト分割
11%
拡張色設定
6%
No matching quizzes found
Score Distribution
Percent of People with Each Score
Percentile by Number Answered
Your Score History
You have not taken this quiz